Locations in Ohio by Image - Sudden Death - Statistics

General Stats
  • This quiz has been taken 19 times
  • The average score is 6 of 14
Answers on the Grid
Answers color-coded by a green-red scale on the quiz's grid according to % correct below.
 
Answer Stats
Answer % Correct
Cleveland, OH
92%
Great Serpent Mound
Peebles, OH
69%
Great American Ball Park
Cincinnati, OH
69%
"The Horseshoe"
Columbus, OH
62%
Cedar Point
Sandusky, OH
54%
Put-in-Bay, OH
46%
Kent State University
Kent, OH
46%
Brandywine Falls
Sagamore Hills, OH
38%
Rock and Roll Hall of Fame
Cleveland, OH
38%
Longaberger Basket Building
Newark, OH
38%
Ohio Statehouse
Columbus, OH
31%
McKinley Memorial
Niles, OH
23%
Train Derailment
East Palestine, OH
23%
Roebling Suspension Bridge
Cincinnati, OH
8%
No matching quizzes found
Score Distribution
Percent of People with Each Score
Percentile by Number Answered
Your Score History
You have not taken this quiz